000 00778nas a2200241 4500
001 BR0805022
003 BR-BrBNA
005 20231205111906.0
007 ta
008 230509b bl.|||p| |||| 00| 00por d
040 _aBR-BrBNA
_bpor
_cBiblioteca Nacional de Agricultura
041 _a(Pt)
072 _aL53
100 1 _aNeves, E.F.
100 1 _aMarques Júnior, A.P.
245 1 _aEfeito do pré-tratamento com somatotropina bovina (bST)na superovulação de doadoras nelore
650 _aTRANSFERÊNCIA DE EMBRIÃO
650 _aGADO NELORE
650 _aHORMÔNIO
773 0 _tRevista Brasileira de Reprodução Animal (Brazil)
_xISSN 0102-0803
_g(Dec 2004), v. 28(5) p. 309-313
_wBR0805022
909 _a202311
_bLúcia
_c55
_dLúcia Elande
942 _2AGRIS
_n0
_cANA
999 _c194993
_d194993